| 000 | 00727nam a2200193 i 4500 | ||
|---|---|---|---|
| 001 | 18776 | ||
| 003 | ES-MaACL | ||
| 005 | 20230906151924.0 | ||
| 007 | t| | ||
| 008 | 020313s2001 sp ||||1| spa d | ||
| 020 | _a84-89913-34-X | ||
| 080 | _a677.37(460.33 Lorca)(064.3) | ||
| 245 | 0 | 0 |
_aArte en seda _b: la tradición del bordado lorquino : Sala de Exposiciones de la Fundación Santander Central Hispano, del 11 de diciembre de 2001 al 24 de febrero de 2002. |
| 260 |
_aMadrid : _bFundación Santander Central Hispano, _c[2001] |
||
| 300 |
_a191 p. : _bil. ; _c30 cm. |
||
| 650 | 1 | 4 |
_aSeda- _zLorca- _vExposiciones. _917008 |
| 710 | 2 |
_aFundación Santander Central Hispano. _94415 |
|
| 852 |
_aES-MaACL _jL-25266 _bR.131160 |
||
| 999 |
_c18776 _d18776 |
||